MARC details
| 000 -CABECERA |
| campo de control de longitud fija |
01055cam a2200265 a 4500 |
| 001 - NÚMERO DE CONTROL |
| campo de control |
000015433 |
| 005 - FECHA Y HORA DE LA ÚLTIMA TRANSACCIÓN |
| campo de control |
20240503073630.0 |
| 008 - DATOS DE LONGITUD FIJA--INFORMACIÓN GENERAL |
| campo de control de longitud fija |
890612r1986 sp b 001 0bspa d |
| 040 ## - FUENTE DE LA CATALOGACIÓN |
| Centro catalogador/agencia de origen |
DO-SdBNP |
| Centro/agencia transcriptor |
DLC |
| Centro/agencia modificador |
DLC |
| 043 ## - CÓDIGO DE ÁREA GEOGRÁFICA |
| Código de área geográfica |
e-sp--- |
| 082 ## - NÚMERO DE LA CLASIFICACIÓN DECIMAL DEWEY |
| Número de clasificación |
150.195 |
| Número de documento/Ítem |
D542q |
| 049 ## - FONDOS LOCALES (OCLC) |
| Fondos de biblioteca |
BNGR |
| 100 1# - ENTRADA PRINCIPAL--NOMBRE DE PERSONA |
| Nombre de persona |
Díaz de Benjumea, Nicolás, |
| Fechas asociadas al nombre |
1829-1884. |
| 9 (RLIN) |
34840 |
| 240 10 - TÍTULO UNIFORME |
| Título uniforme |
Verdad sobre El Quijote |
| 245 13 - MENCIÓN DE TÍTULO |
| Título |
El Quijote de Benjumea / |
| Mención de responsabilidad, etc. |
introducción, intento de psicoanálisis de Cervantes / por Fredo Arías de la Canal. |
| 260 ## - PUBLICACIÓN, DISTRIBUCIÓN, ETC. |
| Lugar de publicación, distribución, etc. |
Barcelona : |
| Nombre del editor, distribuidor, etc. |
Rondas, |
| Fecha de publicación, distribución, etc. |
1986. |
| 300 ## - DESCRIPCIÓN FÍSICA |
| Extensión |
xxxi, 199 p. ; |
| Dimensiones |
22 cm. |
| 500 ## - NOTA GENERAL |
| Nota general |
Reimpresión. Publicado originalmente: Madrid: Imp.. De Gaspar, 1878. |
| 504 ## - NOTA DE BIBLIOGRAFÍA, ETC. |
| Nota de bibliografía, etc. |
Incluye referencias bibliograficas (p. xxxi). |
| 600 10 - PUNTO DE ACCESO ADICIONAL DE MATERIA--NOMBRE DE PERSONA |
| Nombre de persona |
Cervantes Saavedra, Miguel de, |
| Fechas asociadas al nombre |
1547-1616 |
| 9 (RLIN) |
3070 |
| 600 20 - PUNTO DE ACCESO ADICIONAL DE MATERIA--NOMBRE DE PERSONA |
| Nombre de persona |
CERVANTES SAAVEDRA, MIGUEL DE |
| Fechas asociadas al nombre |
1547-1616. |
| Título de la obra |
DON QUIJOTE. |
| 9 (RLIN) |
13671 |
| 650 #4 - PUNTO DE ACCESO ADICIONAL DE MATERIA--TÉRMINO DE MATERIA |
| Término de materia o nombre geográfico como elemento de entrada |
Autores españoles |
| Subdivisión cronológica |
PERIODO CLÁSICO, 1500-1700 |
| Subdivisión general |
Biografía |
| 9 (RLIN) |
34841 |
| 700 1# - PUNTO DE ACCESO ADICIONAL--NOMBRE DE PERSONA |
| Nombre de persona |
Arías de la Canal, Fredo |
| Término indicativo de función/relación |
introd. |
| 9 (RLIN) |
8096 |
| 910 ## - DATOS DE OPCIÓN DEL USUARIO (OCLC) |
| Datos de opción del usuario |
Catalogación derivada |